[Event "Norrkoeping Easter op"]
[Site "Norrkoeping"]
[Date "2009.04.10"]
[Round "1"]
[White "Grandelius, Nils"]
[Black "Ljung, Daniel"]
[Result "1-0"]
[WhiteElo "2525"]
[BlackElo "1878"]
[PlyCount "63"]
[EventDate "2009.04.10"]
[EventType "swiss"]
[EventRounds "8"]
[EventCountry "SWE"]
[SourceTitle "EXT 2012"]
[Source "ChessBase"]
[SourceDate "2011.11.24"]
[SourceVersion "1"]
[SourceVersionDate "2011.11.24"]
[SourceQuality "1"]

1. e4 c6 2. Nf3 d5 3. Nc3 dxe4 4. Nxe4 Bf5 5. Ng3 Bg6 6. h4 h6 7. Ne5 Qd6 8. Nxg6 Qxg6 9. d4 Nd7 10. Bd3 Qd6 11. c3 0-0-0 12. Qa4 c5 13. Qxa7 cxd4 14. Qxd4 Qxd4 15. cxd4 e5 16. 0-0 exd4 17. Bf4 Nc5 18. Bf5+ Ne6 19. Rac1+ Kd7 20. Rc7+ Ke8 21. Bxe6 fxe6 22. Re1 Be7 23. Rxe6 d3 24. Nf5 d2 25. Bxd2 Rxd2 26. Nxe7 Kf7 27. Re3 Rxb2 28. Nxg8+ Kxg8 29. Ree7 Kf8 30. Rf7+ Ke8 31. Rxg7 Kd8 32. Rgd7+ 1-0

[Event "SWE-chT2 0708"]
[Site "Sweden"]
[Date "2008.03.07"]
[Round "7"]
[White "Lanvin, Per"]
[Black "Ljung, Daniel"]
[Result "0-1"]
[WhiteElo "1810"]
[BlackElo "1865"]
[PlyCount "90"]
[EventDate "2007.10.20"]
[EventType "team"]
[EventRounds "9"]
[EventCountry "SWE"]
[SourceTitle "EXT 2009"]
[Source "ChessBase"]
[SourceDate "2008.11.26"]
[SourceVersion "1"]
[SourceVersionDate "2008.11.26"]
[SourceQuality "1"]
[WhiteTeam "Passanten"]
[BlackTeam "Lundby"]
[WhiteTeamCountry "SWE"]
[BlackTeamCountry "SWE"]

1. c4 Nf6 2. Nc3 e6 3. e4 Bb4 4. e5 Ng8 5. Qg4 g6 6. d4 c5 7. d5 exd5 8. cxd5 d6 9. Bb5+ Kf8 10. Qg3 Qe7 11. Nf3 a6 12. Ba4 b5 13. Bc2 Nd7 14. 0-0 dxe5 15. d6 Qxd6 16. Be4 Ra7 17. Rd1 Qb8 18. Bc6 Bxc3 19. bxc3 f6 20. Be3 Qb6 21. Bxd7 Rxd7 22. Nxe5 Rxd1+ 23. Rxd1 Ne7 24. Ng4 Bxg4 25. Bh6+ Kf7 26. Qxg4 Rd8 27. Re1 Nf5 28. Bf4 b4 29. cxb4 Qxb4 30. Rf1 Ng7 31. Qf3 Ne6 32. Be5 f5 33. Bc3 Qe4 34. Qh3 h5 35. Re1 Qf4 36. g3 Qc4 37. Ba5 Rd3 38. Qg2 Qd5 39. Qf1 Ng5 40. Re3 Nf3+ 41. Rxf3 Qxf3 42. Be1 c4 43. h3 c3 44. Kh2 c2 45. Bb4 Qd1 0-1